000 00920nam a22001815i 4500
001 157759
003 ES-MaACL
005 20230906210836.0
008 040813s1840 mm |||| | ita d
040 _aCAM
_bspa
_cCAM
100 1 _aLingard, John.
_9128960
245 1 0 _aIstoria dell'Inghilterra dall'invasione di Giulio Cesare fino a Giacomo II /
_cdel Dr. Lingard; compendiata e continuata fino a Guglielmo IV anno 1835 da P. Sadler; tradotta dall'inglese dagli editori del corrieri maltese Salvat. Constanzo e Salvat. Tornambene; corredata da una carta topografica dell'Inghilterra conteneunte le divisioni antiche e moderne.
260 _aMalta :
_b[s.n.],
_c1840 (
_fTipografia di Luigi Tonna)
300 _a2 v. (VIII, 606, VII p., [1] h. pleg. de mapa; 562, [2], VI p.) ;
_c19 cm.
651 0 4 _aGran BretaƱa-
_xHistoria.
_98752
700 1 1 _aSadler, P.
_9132265
852 _aES-MaACL
_jG-10020-21
_z-- Enc. hol.
999 _c157759
_d157759